ბათუმის შოთა რუსთაველის სახელმწიფო უნივერსიტეტის ბიბლიოთეკა

Biochemistry : (ბიბ.ჩანაწერი № 62217)

000 -LEADER
fixed length control field 00604nam a22001937a 4500
005 - DATE AND TIME OF LATEST TRANSACTION
control field 20240802151449.0
008 - FIXED-LENGTH DATA ELEMENTS--GENERAL INFORMATION
fixed length control field 240802s2002 en ||||| |||| 00| 0 eng d
020 ## - INTERNATIONAL STANDARD BOOK NUMBER
International Standard Book Number 8176630969 X
041 ## - LANGUAGE CODE
Language code of text/sound track or separate title eng
080 ## - UNIVERSAL DECIMAL CLASSIFICATION NUMBER
Universal Decimal Classification number 577 L-50
100 ## - MAIN ENTRY--PERSONAL NAME
Personal name Lehninger, Albert L.
9 (RLIN) 23058
245 ## - TITLE STATEMENT
Title Biochemistry :
Remainder of title the Molecular Basis of Cell Structure and Function /
Statement of responsibility, etc. Albert L. Lehninger
250 ## - EDITION STATEMENT
Edition statement second edition
264 ## - PRODUCTION, PUBLICATION, DISTRIBUTION, MANUFACTURE, AND COPYRIGHT NOTICE
Place of production, publication, distribution, manufacture Ludhiana :
Name of producer, publisher, distributor, manufacturer Kalyani Publishers,
Date of production, publication, distribution, manufacture, or copyright notice 2002.
300 ## - PHYSICAL DESCRIPTION
Extent xxiii, 1104 pages:.
Other physical details 27 cm.
653 ## - INDEX TERM--UNCONTROLLED
keyword Biochemistry
653 ## - INDEX TERM--UNCONTROLLED
keyword ბიოქიმია
942 ## - ADDED ENTRY ELEMENTS (KOHA)
Source of classification or shelving scheme
Koha item type წიგნი
ეგზემპლარები
Withdrawn status Lost status Source of classification or shelving scheme Damaged status Not for loan Permanent Location Current Location Shelving location Date acquired Cost, normal purchase price Full call number Barcode Date last seen Copy number Uniform Resource Identifier Price effective from Koha item type Public note
          ბათუმის შოთა რუსთაველის სახელმწიფო უნივერსიტეტის მთავარი ბიბლიოთეკა ბათუმის შოთა რუსთაველის სახელმწიფო უნივერსიტეტის მთავარი ბიბლიოთეკა წიგნსაცავი 2024-08-02 10.00 577 L-50 66109 2024-08-02 66109 ნაჩუაქრი 2024-08-02 წიგნი 10.00